Bülten güzel sanatlar fakültesi (Record no. 200130616)

MARC details
000 -LEADER
fixed length control field 00745 a2200277 4500
001 - CONTROL NUMBER
control field 200130616
003 - CONTROL NUMBER IDENTIFIER
control field TR-AnTOB
005 - DATE AND TIME OF LATEST TRANSACTION
control field 20230828101745.0
008 - FIXED-LENGTH DATA ELEMENTS--GENERAL INFORMATION
fixed length control field 160506b tu n0 0 0
022 ## - INTERNATIONAL STANDARD SERIAL NUMBER
International Standard Serial Number 13087207
040 ## - CATALOGING SOURCE
Original cataloging agency TEBT
041 ## - LANGUAGE CODE
Language code of text/sound track or separate title Türkçe
050 ## - LIBRARY OF CONGRESS CALL NUMBER
Classification number Journal
Item number BÜLT
090 ## - LOCALLY ASSIGNED LC-TYPE CALL NUMBER (OCLC); LOCAL CALL NUMBER (RLIN)
Classification number (OCLC) (R) ; Classification number, CALL (RLIN) (NR) Journal BÜLT
099 ## - LOCAL FREE-TEXT CALL NUMBER (OCLC)
Classification number JOURNAL - BÜLT
245 #0 - TITLE STATEMENT
Title Bülten güzel sanatlar fakültesi
246 ## - VARYING FORM OF TITLE
Title proper/short title Bülten GSF
260 ## - PUBLICATION, DISTRIBUTION, ETC.
Place of publication, distribution, etc. Eskişehir;:
Name of publisher, distributor, etc. Anadolu Üniversitesi Güzel Sanatlar Fakültesi;
300 ## - PHYSICAL DESCRIPTION
Extent v. ;
Other physical details rnk, res.
Dimensions 29 cm.
310 ## - CURRENT PUBLICATION FREQUENCY
Current publication frequency Altı aylık.
650 #0 - SUBJECT ADDED ENTRY--TOPICAL TERM
Topical term or geographic name entry element Art
Form subdivision Periodicals
9 (RLIN) 64528
Topical term or geographic name entry element Sanat
Form subdivision Süreli yayınlar
Source of heading or term etuturkob
9 (RLIN) 72879
856 ## - ELECTRONIC LOCATION AND ACCESS
Host name http://www.gse.anadolu.edu.tr/
942 ## - ADDED ENTRY ELEMENTS (KOHA)
Koha item type Continuing Resource

No items available.

Devinim Yazılım Eğitim Danışmanlık tarafından Koha'nın orjinal sürümü uyarlanarak geliştirilip kurulmuştur.